Psychiatric presentations in general practice a guide to holistic managemen
Saved in:
| Hovedforfatter: | |
|---|---|
| Format: | Bog |
| Sprog: | engelsk |
| Udgivet: |
Byword Books
2010.
|
| Tags: |
Tilføj Tag
Ingen Tags, Vær først til at tagge denne postø!
|
MARC
| LEADER | 00000nam a22000007a 4500 | ||
|---|---|---|---|
| 008 | 210122b ||||| |||| 00| 0 eng d | ||
| 020 | |a ISBN: 978-81-8193-056-9 | ||
| 100 | |a JACOB, K. S. | ||
| 245 | |a Psychiatric presentations in general practice |b a guide to holistic managemen |c K. S. Jacob, Anju Kuruvilla |g xv;248p.; ill. | ||
| 260 | |b Byword Books |c 2010. |h New Delh |i 687109 |i 687110 |l RC361 .J12 |m Brain – Diseases |m Brain – Diseases |m Mental disorders – Drug therapy | ||
| 942 | |a lcc |c BK |e Olagoke,M.A |f 22/01/22021 | ||
| 952 | |0 0 |1 0 |2 lcc |4 0 |6 RC0361 J12 |7 0 |9 1570 |a HOL |b HOL |c QZ |d 2021-01-22 |l 0 |o RC361 .J12 |p 2021-0358 |r 2021-01-22 00:00:00 |w 2021-01-22 |y BK | ||
| 952 | |0 0 |1 0 |2 lcc |4 0 |6 RC0361 J12 |7 0 |9 1572 |a HOL |b ML |c QZ |d 2021-01-22 |l 0 |o RC361 .J12 |p 2021-0360 |r 2021-01-22 00:00:00 |w 2021-01-22 |y BK | ||
| 999 | |c 826 |d 826 | ||